| 000 | 01261nam a2200301 4500 | ||
|---|---|---|---|
| 003 | OSt | ||
| 005 | 20260601193857.0 | ||
| 008 | 260420b1983 mx a|||| |||| 00| 0 spa d | ||
| 040 |
_aICI _bspa _cICI |
||
| 050 | 0 |
_aHE5636.M4 _bG87 |
|
| 100 | 1 |
_aGuiterrez de Macgregor, Teresa, _eautor _933268 |
|
| 245 | 1 |
_aAlgunos problemas del trasporte en la ciudad de mexico : _bAnilisis del servicio de autobuses urbanos / _cpor Ma. Teresa Gutierrez de MacGregor, Lourdes Godines e Ignacio Kunz |
|
| 264 | 1 |
_aMéxico : _b UNAM, Instituto de Geografia, _c1983 |
|
| 300 | _a87 páginas | ||
| 336 |
_2rdacontent _atexto |
||
| 337 |
_2rdamedia _asin medio |
||
| 338 |
_2rdacarrier _avolumen |
||
| 490 | 0 | _aSerie varia / Instituto de Geografia. | |
| 650 | 4 |
_aTransporte y estado _zCiudad de Mexico _933269 |
|
| 650 | 4 |
_aTransporte _zCiudad de Mexico _933270 |
|
| 650 | 4 |
_aTransporte y estado _zCiudad de Mexico _933269 |
|
| 650 | 4 |
_aLíneas de autobuses _xGobierno _xPropiedades _zMéxico _933271 |
|
| 651 | 4 |
_aCiudad de México _xTransito local _933272 |
|
| 700 | 1 |
_a Kunz, Ignacio _eautor _933273 |
|
| 700 | 1 |
_aGodínez Calderón, María de Lourdes, _eautor _933274 |
|
| 710 | 2 |
_aUniversidad Nacional Autónoma de México. _bInstituto de Geografía _933275 |
|
| 942 |
_2lcc _n0 _cB |
||
| 999 |
_c22102 _d22102 |
||